| 000 | 00000nas##2200000za#4500 |
| 001 | 9.515709 |
| 003 | CaOODSP |
| 005 | 20210705115226 |
| 007 | ta |
| 008 | 150406c1997||||xxc|| p #||||f| |0eng|d |
| 022 | |a1489-839X |
| 040 | |aCaOODSP|beng |
| 043 | |an-cn--- |
| 086 | 1 |aH115-4E |
| 110 | 1 |aCanada. |bCanadian Institute for Health Information. |
| 245 | 10|aMajor injury in Canada report |
| 246 | 13|aNational Trauma Registry, major injury in Canada report |
| 260 | |aOttawa - Ontario : |bCanadian Institute for Health Information |
| 310 | |aAnnual |
| 362 | 1 |a1996/97 -- |
| 520 | 3 |aProvides data available from the registry's Comprehensive Data Set and includes data on patients hospitalized with major trauma. |
| 690 | 07|aInjuries|2gcpds |
| 775 | 08|tRapport, traumatismes graves au Canada |w(CaOODSP)9.514032 |
| 776 | 0#|tNational Trauma Registry. Major injury in Canada : |w(CaOODSP)9.506066 |